Statystyki dla Państwa Unii Europejskiej

Kliknij tutaj aby rozwiązać quiz!

Ogólne statystyki

  • Ten quiz został rozwiązany 44 razy
  • Średni wynik to 22 z 27

Statystyki odpowiedzi

Państwo% Poprawnych
Francja
100%
Polska
100%
Czechy
96%
Słowacja
96%
Chorwacja
92%
Hiszpania
92%
Belgia
88%
Niemcy
88%
Szwecja
88%
Litwa
83%
Łotwa
83%
Portugalia
83%
Austria
79%
Estonia
79%
Holandia
79%
Rumunia
79%
Bułgaria
75%
Grecja
75%
Węgry
75%
Włochy
75%
Dania
71%
Finlandia
71%
Irlandia
71%
Słowenia
71%
Luksemburg
67%
Cypr
54%
Malta
50%

Rozkład punktacji

Percentyl według liczby udzielonych odpowiedzi

Procent ludzi z każdym wynikiem

Twoja historia wyników

Nie rozwiązałeś tego quizu